| 000 | 00615nam a2200193 u 4500 | ||
|---|---|---|---|
| 001 | 000647463 | ||
| 003 | AM-YeHGA | ||
| 005 | 20250617141049.0 | ||
| 008 | 090330s1962 ||| r 000 0 rus d | ||
| 040 | _aAM-YeHGA | ||
| 041 | 1 |
_arus _hfre |
|
| 100 | 1 | _aКантен, Поль | |
| 245 | 1 | 0 |
_aФутбол : _bПьеса в трех действиях / _cПоль Кантен, Жорж Беллак. |
| 260 |
_aМосква : _bИскусство, _c1962. |
||
| 300 |
_a85 с. : _b[2] л. ил. |
||
| 653 | 0 | _aФранцузская литература | |
| 700 | 1 | _aБеллак, Жорж | |
| 090 | _c233343 | ||
| 999 |
_c231789 _d231789 |
||